000
00304nam a22001337a 4500
003
SGT
082
_a
612.015
_b
CHE
100
_a
CHEKE, RAMESHWAR S.
245
_a
MEDICINAL CHEMISTRY -III
260
_a
INDIA
_b
S.VIKASH PUB.
_c
2020
300
_a
112
650
_a
MEDICINAL CHEMISTRY
942
_2
ddc
_c
BK
999
_c
32509
_d
32509